Revelación cristiana, fe y teología
Saved in:
| Hovedforfatter: | |
|---|---|
| Format: | Bog |
| Sprog: | spansk |
| Udgivet: |
Salamanca
Sígueme
1985
|
| Serier: | Colección Verdad e Imagen, 90
|
| Fag: | |
| Tags: |
Tilføj Tag
Ingen Tags, Vær først til at tagge denne postø!
|
MARC
| LEADER | 00000nam a2200000 a 4500 | ||
|---|---|---|---|
| 001 | UCW8437 | ||
| 003 | CL-VaPUC | ||
| 008 | 880907e19850000SP |||||||||||||||||spa|d | ||
| 020 | |a 8430109579 | ||
| 082 | 0 | 4 | |a 231.74 |b ALF |2 21 |
| 100 | 0 | |a Alfaro, Juan Bautista |e author |9 313615 | |
| 245 | 1 | 0 | |a Revelación cristiana, fe y teología |
| 300 | |a 197 p | ||
| 942 | |c BK | ||
| 945 | |d 19880907 00:00:00 | ||
| 260 | |a Salamanca |b Sígueme |c 1985 | ||
| 650 | 0 | |a Teología de la liberación |9 255471 | |
| 650 | 0 | |a Revelación |9 313616 | |
| 583 | |a last modification |c 19880907 00:00:00 |k Rodrigo Vera | ||
| 490 | 0 | |a Colección Verdad e Imagen, 90 | |
| 999 | |c 220812 |d 220810 | ||
| 952 | |0 0 |1 0 |4 0 |6 231_740000000000000_ALF_1985 |7 0 |8 A |9 213511 |a BIBTEO |b BIBTEO |d 2019-11-15 |i 2818477 |o 231.74 ALF 1985 |p 2818477 |r 2025-01-17 |w 2019-11-15 |y BK |k ICR | ||
| 952 | |0 0 |1 0 |4 0 |6 231_740000000000000_ALF_1985 |7 0 |8 A |9 213512 |a BIBTEO |b BIBTEO |d 2019-11-15 |i 2818485 |l 1 |m 2 |o 231.74 ALF 1985 |p 2818485 |r 2025-01-17 |s 2023-03-15 |w 2019-11-15 |y BK |k ICR | ||
| 952 | |0 0 |1 0 |4 0 |6 231_740000000000000_ALF_1985 |7 0 |8 A |9 213513 |a BIBTEO |b BIBTEO |d 2019-11-15 |i 2818493 |o 231.74 ALF 1985 |p 2818493 |r 2025-01-17 |w 2019-11-15 |y BK |k ICR | ||
| 952 | |0 0 |1 0 |4 0 |6 231_740000000000000_ALF_1985 |7 0 |8 A |9 213514 |a BIBTEO |b BIBTEO |d 2019-11-15 |i 2108364 |o 231.74 ALF 1985 |p 2108364 |r 2025-01-17 |w 2019-11-15 |y BK |k ICR | ||
| 952 | |0 0 |1 2 |4 0 |6 231_740000000000000_ALF_1985 |7 0 |8 A |9 213515 |a BIBTEO |b BIBTEO |d 2019-11-15 |i 407629K |o 231.74 ALF 1985 |p 407629K |r 2019-11-15 |w 2019-11-15 |y BK |k ICR | ||